| 000 | 00000nam##2200000za#4500 |
| 001 | 9.600680 |
| 003 | CaOODSP |
| 005 | 20210624205713 |
| 007 | cr ||||||||||| |
| 008 | 150406|1990||||xxc|||||o f|0| 0 fre|d |
| 040 | |aCaOODSP|bfre |
| 043 | |an-cn--- |
| 086 | 1 |aNH18-1/134-1990F-PDF |
| 110 | 2 |aSociété canadienne d'hypothèques et de logement. |
| 245 | 10|aRépertoire des systèmes de construction industrialisés en habitation / |h[ressource électronique]|cpréparé par Roger-Bruno Richard. |
| 260 | |aOttawa - Ontario : |bSociété canadienne d'hypothèques et de logement |c1990. |
| 300 | |a85p.|bfigures, photographies |
| 490 | 1 |aRapport de recherche |
| 590 | |a11-25-Supp|b2011-10-31 |
| 720 | 1 |aRichard, Roger-Bruno |
| 830 | #0|aResearch report (Société canadienne d'hypothèques et de logement : En ligne)|w(CaOODSP)9.502470 |
| 856 | 40|ahttp://publications.gc.ca|qPDF|s5.56 Mo|uhttps://publications.gc.ca/collections/collection_2011/schl-cmhc/nh18-1/NH18-1-134-1990-fra.pdf |